[Event "16th Asian Games Team Men"]
[Site "Guangzhou CHN"]
[Date "2010.11.24"]
[Round "7"]
[White "Murshed, Niaz"]
[Black "Kasimdzhanov, Rustam"]
[Result "1/2-1/2"]
[WhiteTitle "GM"]
[BlackTitle "GM"]
[WhiteElo "2429"]
[BlackElo "2685"]
[WhiteTeam "BAN"]
[BlackTeam "UZB"]
[WhiteFideId "10200010"]
[BlackFideId "14200244"]
[EventDate "2010.11.18"]

1. d4 Nf6 2. Nf3 g6 3. Bg5 Bg7 4. Nbd2 d5 5. e3 O-O 6. Bd3 Nbd7 7. O-O Re8 8. c3
e5 9. dxe5 Nxe5 10. Nxe5 Rxe5 11. Bh4 Qe8 12. Qc2 Nh5 13. Nf3 Re6 14. Rfe1 c5
15. e4 c4 16. Bf1 Rxe4 17. Bxc4 Bf5 18. Bd3 Qc6 19. Qd2 Rxe1+ 20. Rxe1 Be4 21.
Be2 Re8 22. Nd4 Bxd4 23. cxd4 Qc2 24. Bg5 Ng7 25. f3 Bd3 26. Qxc2 Bxc2 27. Kf2
Nf5 28. Rc1 Nxd4 29. Re1 Nf5 30. Rc1 Nd4 31. Be3 Nf5 32. Bg5 Nd4 33. Be3 Nxe2
34. Rxc2 d4 35. Rxe2 1/2-1/2

[Event "16th Asian Games Team Men"]
[Site "Guangzhou CHN"]
[Date "2010.11.24"]
[Round "7"]
[White "Filippov, Anton UZB"]
[Black "Minhazuddin, Ahmed"]
[Result "1-0"]
[WhiteTitle "GM"]
[BlackTitle "FM"]
[WhiteElo "2620"]
[BlackElo "2350"]
[WhiteTeam "UZB"]
[BlackTeam "BAN"]
[WhiteFideId "14200988"]
[BlackFideId "10201955"]
[EventDate "2010.11.18"]

1. d4 Nf6 2. c4 e6 3. Nf3 b6 4. g3 Bb4+ 5. Bd2 Be7 6. Nc3 Bb7 7. Bg2 O-O 8. Qc2
d5 9. cxd5 exd5 10. O-O c5 11. Rad1 Nc6 12. Bg5 Nb4 13. Qb1 h6 14. Bxf6 Bxf6 15.
Rfe1 Re8 16. a3 Na6 17. dxc5 bxc5 18. e4 d4 19. e5 Be7 20. Nxd4 Bxg2 21. Nf5 Bh3
22. Rxd8 Raxd8 23. Qe4 Bf8 24. Qf3 Re6 25. Kh1 Rg6 26. Nh4 1-0

[Event "16th Asian Games Team Men"]
[Site "Guangzhou CHN"]
[Date "2010.11.24"]
[Round "7"]
[White "Khamrakulov, Dzhurabek"]
[Black "Abu Sufian, Shakil"]
[Result "1-0"]
[WhiteTitle "IM"]
[BlackTitle "FM"]
[WhiteElo "2482"]
[BlackElo "2340"]
[WhiteTeam "UZB"]
[BlackTeam "BAN"]
[WhiteFideId "14201143"]
[BlackFideId "10200916"]
[EventDate "2010.11.18"]

1. d4 d5 2. Nf3 Nf6 3. c4 dxc4 4. e3 e6 5. Bxc4 c5 6. O-O a6 7. Bb3 cxd4 8. exd4
Nc6 9. Nc3 Be7 10. a3 O-O 11. Be3 Na5 12. Ba2 b5 13. b4 Nc4 14. Bxc4 bxc4 15.
Qe2 Bb7 16. Ne5 Rc8 17. Rfc1 Nd5 18. Nxc4 Nxc3 19. Rxc3 a5 20. bxa5 Qd5 21. Qf1
Ba6 22. Nb6 Qxa5 23. Nxc8 Bxf1 24. Nxe7+ Kh8 25. Bd2 1-0

[Event "16th Asian Games Team Men"]
[Site "Guangzhou CHN"]
[Date "2010.11.24"]
[Round "7"]
[White "Al-Modiahki, Mohamad"]
[Black "Lee, Sanghoon"]
[Result "1-0"]
[WhiteTitle "GM"]
[BlackTitle "CM"]
[WhiteElo "2562"]
[BlackElo "2132"]
[WhiteTeam "QAT"]
[BlackTeam "KOR"]
[WhiteFideId "12100030"]
[BlackFideId "13200011"]
[EventDate "2010.11.18"]

1. e4 c5 2. Nf3 g6 3. d4 cxd4 4. Nxd4 Nc6 5. Nc3 Bg7 6. Nde2 Nf6 7. g3 O-O 8.
Bg2 d6 9. O-O Bd7 10. h3 Rc8 11. a4 a6 12. Nd5 Nxd5 13. exd5 Na5 14. Ra2 Re8 15.
b3 b5 16. axb5 axb5 17. Be3 Ra8 18. Qd2 Nb7 19. Rxa8 Qxa8 20. Nd4 Qa3 21. Nc6
Nc5 22. Bd4 Bxd4 23. Qxd4 e5 24. dxe6 Nxe6 25. Qf6 Qc5 26. Ne7+ Kf8 27. Rd1 Ng7
28. Nd5 Be6 29. c3 Qc8 30. Qf4 Bxd5 31. Qxd6+ Kg8 32. Qxd5 Qxc3 33. Qxb5 Re1+
34. Rxe1 Qxe1+ 35. Bf1 Nf5 36. Qe2 Qc3 37. Qc4 Qd2 38. Qe2 Qc3 39. Qe8+ Kg7 40.
Bc4 Nd6 41. Qe3 Qa1+ 42. Kh2 Qb2 43. Kg2 Nf5 44. Qf4 h5 45. g4 hxg4 46. hxg4 Nh6
47. Bd5 Qc3 48. b4 f5 49. b5 fxg4 50. b6 Qh3+ 51. Kg1 Nf5 52. b7 g3 53. Qe5+ Kh7
54. Bg8+ 1-0

[Event "16th Asian Games Team Men"]
[Site "Guangzhou CHN"]
[Date "2010.11.24"]
[Round "7"]
[White "Nezad, Husein Aziz"]
[Black "Lee, Kiyul"]
[Result "1-0"]
[WhiteTitle "IM"]
[WhiteElo "2402"]
[BlackElo "1945"]
[WhiteTeam "QAT"]
[BlackTeam "KOR"]
[WhiteFideId "12100293"]
[BlackFideId "13200054"]
[EventDate "2010.11.18"]

1. d4 Nf6 2. c4 e6 3. Nc3 Bb4 4. Qc2 O-O 5. a3 Bxc3+ 6. Qxc3 d5 7. Nf3 dxc4 8.
Qxc4 b6 9. Bg5 Ba6 10. Qc2 Nbd7 11. e4 Bxf1 12. Rxf1 h6 13. Bh4 Qc8 14. Qc6 Rb8
15. Ne5 Nxe5 16. dxe5 Qd7 17. Qxd7 Nxd7 18. f4 Nc5 19. O-O-O Nxe4 20. Rfe1 Nc5
21. Be7 Nb3+ 22. Kc2 Rfe8 23. Bb4 c5 24. Kxb3 cxb4 25. Kxb4 Re7 26. Kb5 Rbb7 27.
Ka6 Kh7 28. b4 Kg6 29. g4 h5 30. h3 hxg4 31. hxg4 f6 32. exf6 gxf6 33. Rxe6 1-0

[Event "16th Asian Games Team Men"]
[Site "Guangzhou CHN"]
[Date "2010.11.24"]
[Round "7"]
[White "Jung, Minwoo"]
[Black "Al-Tamimi, Hamad"]
[Result "0-1"]
[WhiteElo "1701"]
[BlackElo "2236"]
[WhiteTeam "KOR"]
[BlackTeam "QAT"]
[WhiteFideId "13200933"]
[BlackFideId "12100285"]
[EventDate "2010.11.18"]

1. c4 e6 2. g3 d5 3. cxd5 exd5 4. d4 c6 5. Bg2 Nf6 6. Nc3 Bd6 7. Nf3 O-O 8. O-O
Re8 9. Qc2 Bg4 10. Rb1 a5 11. Nh4 Bh5 12. f3 Qb6 13. Qd3 Nbd7 14. e4 dxe4 15.
fxe4 c5 16. Be3 cxd4 17. Bxd4 Bc5 18. Bxc5 Qxc5+ 19. Kh1 Ne5 20. Qc2 Rad8 21.
Nf5 Nd3 22. Nh6+ Kf8 23. Rf5 Qe3 24. g4 Bg6 25. Rf3 Qxh6 26. Rxd3 Nxg4 27. Rh3
Qd2 28. Qxd2 Rxd2 29. Kg1 Re6 30. Rf3 Rb6 31. h3 Ne5 32. Rf2 Rxf2 33. Kxf2 Rxb2+
34. Rxb2 Nd3+ 35. Ke3 Nxb2 36. Kd4 Ke7 37. e5 Bf5 38. Nd5+ Kd8 39. Ne3 Be6 40.
a3 b5 41. Bf1 Nc4 42. Nxc4 Bxc4 43. Bxc4 bxc4 44. Kxc4 g5 45. Kd5 Ke7 46. Kd4 a4
47. Kd5 h6 48. Kd4 Ke6 49. Ke4 h5 0-1

[Event "16th Asian Games Team Men"]
[Site "Guangzhou CHN"]
[Date "2010.11.24"]
[Round "7"]
[White "Al-Ali, Hussein Ali Hussein"]
[Black "Ahmed, Al Khatib"]
[Result "1-0"]
[WhiteTitle "FM"]
[WhiteElo "2363"]
[BlackElo "1976"]
[WhiteTeam "IRQ"]
[BlackTeam "JOR"]
[WhiteFideId "4800192"]
[BlackFideId "8103178"]
[EventDate "2010.11.18"]

1. Nf3 c5 2. e3 Nc6 3. Bb5 g6 4. O-O Bg7 5. d4 cxd4 6. exd4 Qb6 7. Nc3 Nf6 8. d5
Nb8 9. a4 O-O 10. a5 Qd8 11. Re1 Na6 12. Bg5 Nc5 13. Qe2 Re8 14. Qe3 Na6 15. d6
e6 16. Ra4 b6 17. Qe5 Bb7 18. axb6 axb6 19. Rea1 Nb4 20. Rxa8 Bxa8 21. Rxa8 Qxa8
22. Bxf6 Qa1+ 23. Bf1 Nc6 24. Qf4 Bxf6 25. Qxf6 Qxb2 26. h4 Qxc2 27. g4 h6 28.
Bb5 Rf8 29. Bxc6 dxc6 30. Qe5 Qb2 31. h5 g5 32. Kg2 Qb4 33. Ne4 f5 34. Qxe6+ Kg7
35. Qg6+ Kh8 36. Qxh6+ Kg8 37. Qxg5+ Kh8 38. Nf6 Rxf6 39. Qxf6+ Kg8 40. Ne5 Qe4+
41. f3 Qe2+ 42. Kg3 Qe1+ 1-0

[Event "16th Asian Games Team Men"]
[Site "Guangzhou CHN"]
[Date "2010.11.24"]
[Round "7"]
[White "Alshoha, Basel"]
[Black "Ahmed, Abdul Sattar Wahab"]
[Result "0-1"]
[BlackTitle "FM"]
[WhiteElo "2106"]
[BlackElo "2309"]
[WhiteTeam "JOR"]
[BlackTeam "IRQ"]
[WhiteFideId "8101914"]
[BlackFideId "4801849"]
[EventDate "2010.11.18"]

1. e4 c5 2. Nf3 e6 3. d4 cxd4 4. Nxd4 a6 5. g3 d5 6. e5 Nc6 7. Nxc6 bxc6 8. Bg2
Qc7 9. O-O Qxe5 10. c4 Nf6 11. Nc3 Qc7 12. Bg5 Be7 13. Rc1 Qd8 14. cxd5 cxd5 15.
Re1 O-O 16. Nxd5 exd5 17. Bxf6 Bxf6 18. Bxd5 Rb8 19. Bxf7+ Rxf7 0-1

[Event "16th Asian Games Team Men"]
[Site "Guangzhou CHN"]
[Date "2010.11.24"]
[Round "7"]
[White "Battulga, Namkhai"]
[Black "Abdul Rahman Ali"]
[Result "1-0"]
[WhiteTitle "FM"]
[WhiteElo "2428"]
[BlackElo "1936"]
[WhiteTeam "MGL"]
[BlackTeam "MDV"]
[WhiteFideId "4900880"]
[BlackFideId "16700066"]
[EventDate "2010.11.18"]

1. e4 e6 2. d4 d5 3. Nc3 Bb4 4. e5 Ne7 5. Qg4 Nf5 6. a3 Be7 7. Nf3 Nc6 8. h4 f6
9. Bd3 O-O 10. h5 Kh8 11. Ne2 a6 12. c3 Na5 13. Nf4 Nb3 14. Rb1 Nxc1 15. Rxc1
Nh6 16. Qg3 Rf7 17. Kf1 f5 18. Nh3 Ng4 19. Qf4 Rf8 20. Qd2 b6 21. Kg1 c5 22. Nf4
c4 23. Be2 Rf7 24. Ng6+ Kg8 25. Nxe7+ Rxe7 26. Ng5 Nh6 27. Rh3 Bd7 28. Rg3 Kh8
29. Bf3 Be8 30. Nh3 Rc7 31. Nf4 Bf7 32. Kf1 Qe8 33. Ke2 a5 34. Rh1 b5 35. Nh3
Qe7 36. Nf4 Qe8 37. Rh2 Rb8 38. Rg5 b4 39. axb4 axb4 40. g4 bxc3 41. bxc3 Rcb7
42. Kf1 Rb2 43. Qe3 Ra8 44. Kg2 Raa2 45. Kg3 Rd2 46. gxf5 Qd8 47. Nxe6 Bxe6 48.
fxe6 Rd3 49. Qf4 Rc2 50. Rh3 Rcxc3 51. Kg2 Rb3 52. Rhg3 Rb7 53. Kh2 c3 54. Bg2
Rxg3 55. Rxg3 Rc7 56. Bh3 c2 57. Rg1 Qe8 58. Ra1 Rc3 59. Qg5 Qf8 60. e7 Qe8 61.
Rg1 Rxh3+ 62. Kxh3 Qc8+ 63. Kh2 Nf5 64. Qxf5 Kg8 1-0